[Event "Druzheskij Blitz (3+2) turnir ¹3 na Iristonskoj 06.10.2019g."]
[Site "VLADIKAVKAZ"]
[Date "2019.10.06"]
[Round "7.4"]
[White "Basiev, Georgiy"]
[Black "Gaboev, Batraz"]
[Result "0-1"]
[TimeControl "3' + 2\""]
[WhiteElo "1424"]
[BlackElo "1987"]

1. d4 {[%clk 00:03:02]} {[%emt 00:00:02]} Nf6 {[%clk 00:03:03]} {[%emt
00:00:02]} 2. Nf3 {[%clk 00:03:03]} {[%emt 00:00:01]} g6 {[%clk 00:03:03]}
{[%emt 00:00:01]} 3. Bf4 {[%clk 00:03:02]} {[%emt 00:00:02]} c5 {[%clk
00:03:04]} {[%emt 00:00:01]} 4. e3 {[%clk 00:03:02]} {[%emt 00:00:02]} Bg7
{[%clk 00:03:05]} {[%emt 00:00:02]} 5. c3 {[%clk 00:03:03]} {[%emt 00:00:02]}
O-O {[%clk 00:03:05]} {[%emt 00:00:02]} 6. Be2 {[%clk 00:03:03]} {[%emt
00:00:02]} a5 {[%clk 00:03:06]} 7. Nbd2 {[%clk 00:03:02]} {[%emt 00:00:04]} a4
{[%clk 00:03:07]} 8. a3 {[%clk 00:03:02]} {[%emt 00:00:03]} Nc6 {[%clk
00:03:08]} {[%emt 00:00:02]} 9. h3 {[%clk 00:03:00]} {[%emt 00:00:04]} d6
{[%clk 00:03:09]} 10. O-O {[%clk 00:03:00]} {[%emt 00:00:02]} Be6 {[%clk
00:03:10]} 11. Bc4 {[%clk 00:02:48]} {[%emt 00:00:14]} d5 {[%clk 00:03:09]}
{[%emt 00:00:04]} 12. Be2 {[%clk 00:02:47]} {[%emt 00:00:03]} b6 {[%clk
00:03:08]} {[%emt 00:00:03]} 13. Ng5 {[%clk 00:02:31]} {[%emt 00:00:17]} Bf5
{[%clk 00:03:09]} {[%emt 00:00:02]} 14. Bb5 {[%clk 00:02:12]} {[%emt 00:00:21]}
Qc8 {[%clk 00:03:04]} {[%emt 00:00:07]} 15. Bxa4 {[%clk 00:01:51]} {[%emt
00:00:24]} h6 {[%clk 00:02:59]} {[%emt 00:00:06]} 16. Ngf3 {[%clk 00:01:49]}
{[%emt 00:00:03]} g5 {[%clk 00:02:57]} {[%emt 00:00:04]} 17. Bh2 {[%clk
00:01:50]} {[%emt 00:00:02]} Ne4 {[%clk 00:02:55]} {[%emt 00:00:05]} 18. Bc2
{[%clk 00:01:38]} {[%emt 00:00:14]} Bg6 {[%clk 00:02:47]} {[%emt 00:00:09]} 19.
dxc5 {[%clk 00:00:49]} {[%emt 00:00:51]} bxc5 {[%clk 00:02:46]} {[%emt
00:00:04]} 20. Nb3 {[%clk 00:00:38]} {[%emt 00:00:12]} e6 {[%clk 00:02:33]}
{[%emt 00:00:16]} 21. Nfd2 {[%clk 00:00:30]} {[%emt 00:00:10]} Ne5 {[%clk
00:02:23]} {[%emt 00:00:12]} 22. Nxe4 {[%clk 00:00:18]} {[%emt 00:00:14]} dxe4
{[%clk 00:02:24]} {[%emt 00:00:01]} 23. Qd6 {[%clk 00:00:10]} {[%emt 00:00:10]}
Nc4 {[%clk 00:02:17]} {[%emt 00:00:09]} 24. Qxc5 {[%clk 00:00:08]} {[%emt
00:00:05]} Qxc5 {[%clk 00:02:16]} {[%emt 00:00:03]} 25. Nxc5 {[%clk 00:00:08]}
{[%emt 00:00:01]} Nxb2 {[%clk 00:02:16]} {[%emt 00:00:02]} 26. Rab1 {[%clk
00:00:09]} {[%emt 00:00:02]} Bxc3 {[%clk 00:02:12]} {[%emt 00:00:06]} 27. Nxe4
{[%clk 00:00:07]} {[%emt 00:00:04]} Bg7 {[%clk 00:02:09]} {[%emt 00:00:05]} 28.
Nd2 {[%clk 00:00:05]} {[%emt 00:00:04]} Bxc2 {[%clk 00:02:08]} {[%emt
00:00:03]} 29. Rbc1 {[%clk 00:00:07]} Bg6 {[%clk 00:02:04]} {[%emt 00:00:05]}
30. Nb3 {[%clk 00:00:06]} {[%emt 00:00:03]} Rxa3 {[%clk 00:02:04]} {[%emt
00:00:03]} 31. Nd4 {[%clk 00:00:06]} {[%emt 00:00:02]} Nd3 {[%clk 00:02:04]}
{[%emt 00:00:02]} 32. Rb1 {[%clk 00:00:05]} {[%emt 00:00:03]} Ra2 {[%clk
00:01:58]} {[%emt 00:00:07]} 33. Rb7 {[%clk 00:00:04]} {[%emt 00:00:03]} e5
{[%clk 00:01:48]} {[%emt 00:00:12]} 34. Nc6 {[%clk 00:00:05]} {[%emt 00:00:01]}
Re8 {[%clk 00:01:41]} {[%emt 00:00:09]} 35. Ne7+ {[%clk 00:00:05]} {[%emt
00:00:02]} Kh7 {[%clk 00:01:41]} {[%emt 00:00:02]} 36. Nxg6 {[%clk 00:00:04]}
{[%emt 00:00:04]} fxg6 {[%clk 00:01:42]} 37. Rd1 {[%clk 00:00:03]} {[%emt
00:00:03]} e4 {[%clk 00:01:35]} {[%emt 00:00:09]} 38. f3 {[%clk 00:00:04]}
{[%emt 00:00:01]} Nc5 {[%clk 00:01:29]} {[%emt 00:00:08]} 39. Rc1 {[%clk
00:00:04]} {[%emt 00:00:02]} Nxb7 {[%clk 00:01:30]} {[%emt 00:00:02]} 40. Rc7
{[%clk 00:00:04]} Rd8 {[%clk 00:01:27]} {[%emt 00:00:05]} 41. Rxb7 {[%clk
00:00:04]} {[%emt 00:00:03]} Rd1# {[%clk 00:01:28]} {[%emt 00:00:01]} 0-1

[Event "Druzheskij Blitz (3+2) turnir ¹3 na Iristonskoj 06.10.2019g."]
[Site "VLADIKAVKAZ"]
[Date "2019.10.06"]
[Round "7.5"]
[White "Tsamaladze, Pavel"]
[Black "Storozhenko, Mihail"]
[Result "1-0"]
[TimeControl "3' + 2\""]
[WhiteElo "1141"]
[BlackElo "1061"]

1. c4 {[%clk 00:03:03]} {[%emt 00:00:23]} c5 {[%clk 00:03:04]} 2. e3 {[%clk
00:03:04]} {[%emt 00:00:01]} e5 {[%clk 00:03:04]} {[%emt 00:00:01]} 3. Nf3
{[%clk 00:03:05]} {[%emt 00:00:01]} Nc6 {[%clk 00:03:04]} {[%emt 00:00:02]} 4.
b3 {[%clk 00:03:06]} {[%emt 00:00:01]} Nf6 {[%clk 00:02:47]} {[%emt 00:00:19]}
5. Bb2 {[%clk 00:03:06]} {[%emt 00:00:02]} d5 {[%clk 00:02:45]} {[%emt
00:00:04]} 6. Nxe5 {[%clk 00:03:03]} {[%emt 00:00:05]} Nxe5 {[%clk 00:02:42]}
{[%emt 00:00:05]} 7. Bxe5 {[%clk 00:03:03]} {[%emt 00:00:02]} dxc4 {[%clk
00:02:36]} {[%emt 00:00:08]} 8. Bxc4 {[%clk 00:03:04]} {[%emt 00:00:01]} Bd6
{[%clk 00:02:30]} {[%emt 00:00:08]} 9. Bb2 {[%clk 00:03:03]} {[%emt 00:00:02]}
O-O {[%clk 00:02:16]} {[%emt 00:00:16]} 10. O-O {[%clk 00:03:04]} {[%emt
00:00:01]} Be6 {[%clk 00:01:59]} {[%emt 00:00:19]} 11. Bxe6 {[%clk 00:03:03]}
{[%emt 00:00:03]} fxe6 {[%clk 00:02:00]} {[%emt 00:00:01]} 12. d4 {[%clk
00:03:02]} {[%emt 00:00:03]} Ne4 {[%clk 00:01:24]} {[%emt 00:00:38]} 13. f3
{[%clk 00:02:35]} {[%emt 00:00:29]} Ng5 {[%clk 00:00:21]} {[%emt 00:01:05]} 14.
dxc5 {[%clk 00:02:24]} {[%emt 00:00:13]} Bxh2+ {[%clk 00:00:20]} {[%emt
00:00:02]} 15. Kxh2 {[%clk 00:02:09]} {[%emt 00:00:17]} Nxf3+ {[%clk 00:00:14]}
{[%emt 00:00:09]} 16. Rxf3 {[%clk 00:01:49]} {[%emt 00:00:22]} Qxd1 {[%clk
00:00:14]} {[%emt 00:00:02]} 17. Na3 {[%clk 00:01:35]} {[%emt 00:00:16]} Qe2
{[%clk 00:00:13]} {[%emt 00:00:02]} 18. Rxf8+ {[%clk 00:01:15]} {[%emt
00:00:23]} Rxf8 {[%clk 00:00:14]} {[%emt 00:00:01]} 19. Bd4 {[%clk 00:01:10]}
{[%emt 00:00:07]} Rf5 {[%clk 00:00:06]} {[%emt 00:00:08]} 20. Rc1 {[%clk
00:00:44]} {[%emt 00:00:29]} Rh5+ {[%clk 00:00:06]} {[%emt 00:00:02]} 21. Kg1
{[%clk 00:00:46]} Qg4 {[%emt 00:00:09]} 1-0

[Event "Druzheskij Blitz (3+2) turnir ¹3 na Iristonskoj 06.10.2019g."]
[Site "VLADIKAVKAZ"]
[Date "2019.10.06"]
[Round "8.1"]
[White "Morozov, Vadim"]
[Black "Storozhenko, Mihail"]
[Result "1-0"]
[TimeControl "3' + 2\""]
[WhiteElo "1870"]
[BlackElo "1061"]

1. e4 {[%clk 00:03:02]} {[%emt 00:00:02]} e5 {[%clk 00:03:04]} 2. f4 {[%clk
00:03:03]} exf4 {[%clk 00:03:03]} {[%emt 00:00:03]} 3. Nf3 {[%clk 00:03:03]}
{[%emt 00:00:01]} Nc6 {[%clk 00:02:55]} {[%emt 00:00:10]} 4. d4 {[%clk
00:03:04]} {[%emt 00:00:01]} d5 {[%clk 00:02:45]} {[%emt 00:00:13]} 5. exd5
{[%clk 00:02:43]} {[%emt 00:00:23]} Qxd5 {[%clk 00:02:41]} {[%emt 00:00:06]} 6.
c4 {[%clk 00:02:44]} {[%emt 00:00:01]} Bb4+ {[%clk 00:02:36]} {[%emt 00:00:07]}
7. Nc3 {[%clk 00:02:34]} {[%emt 00:00:13]} Bxc3+ {[%clk 00:02:35]} {[%emt
00:00:03]} 8. bxc3 {[%clk 00:02:35]} {[%emt 00:00:01]} Qe4+ {[%clk 00:02:23]}
{[%emt 00:00:13]} 9. Be2 {[%clk 00:02:32]} {[%emt 00:00:05]} Bg4 {[%clk
00:02:23]} {[%emt 00:00:02]} 10. O-O {[%clk 00:02:32]} {[%emt 00:00:02]} O-O-O
{[%clk 00:02:20]} {[%emt 00:00:05]} 11. Bd3 {[%clk 00:02:29]} {[%emt 00:00:05]}
Qe7 {[%clk 00:02:05]} {[%emt 00:00:13]} 12. Bxf4 {[%clk 00:02:28]} {[%emt
00:00:06]} h6 {[%clk 00:01:55]} {[%emt 00:00:12]} 13. Rb1 {[%clk 00:02:29]}
{[%emt 00:00:02]} g5 {[%clk 00:01:53]} {[%emt 00:00:04]} 14. Bg3 {[%clk
00:02:23]} {[%emt 00:00:08]} Nf6 {[%clk 00:01:29]} {[%emt 00:00:26]} 15. Re1
{[%clk 00:02:15]} {[%emt 00:00:09]} Qd7 {[%clk 00:01:22]} {[%emt 00:00:09]} 16.
Qb3 {[%clk 00:02:16]} b6 {[%clk 00:01:17]} {[%emt 00:00:07]} 17. c5 {[%clk
00:01:58]} {[%emt 00:00:19]} Bxf3 {[%clk 00:01:16]} {[%emt 00:00:03]} 18. gxf3
{[%clk 00:01:51]} {[%emt 00:00:09]} Nxd4 {[%clk 00:01:07]} {[%emt 00:00:11]} 19.
cxd4 {[%clk 00:01:23]} {[%emt 00:00:30]} Qxd4+ {[%clk 00:01:08]} {[%emt
00:00:02]} 20. Bf2 {[%clk 00:01:24]} Qxd3 {[%clk 00:01:08]} {[%emt 00:00:03]}
21. Qxf7 {[%clk 00:01:24]} {[%emt 00:00:02]} Nd5 {[%clk 00:00:51]} {[%emt
00:00:19]} 22. cxb6 {[%clk 00:01:17]} {[%emt 00:00:09]} Nxb6 {[%clk 00:00:51]}
{[%emt 00:00:02]} 23. Qe6+ {[%clk 00:00:55]} {[%emt 00:00:23]} Qd7 {[%clk
00:00:42]} {[%emt 00:00:11]} 24. Qe4 {[%clk 00:00:54]} {[%emt 00:00:03]} Qd5
{[%clk 00:00:40]} {[%emt 00:00:04]} 25. Qg4+ {[%clk 00:00:29]} {[%emt
00:00:27]} Kb8 {[%clk 00:00:35]} {[%emt 00:00:11]} 26. Bg3 {[%clk 00:00:23]}
{[%emt 00:00:09]} h5 {[%emt 00:00:10]} 27. Qb4 {[%clk 00:00:17]} {[%emt
00:00:02]} Rh6 {[%clk 00:00:25]} {[%emt 00:00:10]} 28. Qa3 {[%clk 00:00:13]}
{[%emt 00:00:06]} Qd4+ {[%clk 00:00:20]} {[%emt 00:00:07]} 29. Kg2 {[%clk
00:00:12]} {[%emt 00:00:03]} Qd2+ {[%clk 00:00:15]} {[%emt 00:00:06]} 30. Bf2
{[%clk 00:00:13]} {[%emt 00:00:02]} Rd3 {[%clk 00:00:09]} {[%emt 00:00:08]} 31.
Red1 {[%clk 00:00:14]} {[%emt 00:00:01]} Rxa3 {[%clk 00:00:06]} {[%emt
00:00:06]} 32. Rxd2 {[%clk 00:00:15]} Rf6 {[%clk 00:00:00]} {[%emt 00:00:06]}
33. Rdd1 {[%emt 00:00:07]} Rd3 {[%emt 00:00:02]} 1-0

[Event "Druzheskij Blitz (3+2) turnir ¹3 na Iristonskoj 06.10.2019g."]
[Site "VLADIKAVKAZ"]
[Date "2019.10.06"]
[Round "8.2"]
[White "Gaboev, Batraz"]
[Black "Tsamaladze, Pavel"]
[Result "1-0"]
[TimeControl "3' + 2\""]
[WhiteElo "1987"]
[BlackElo "1141"]

1. e4 {[%clk 00:03:03]} e6 {[%clk 00:03:03]} {[%emt 00:00:02]} 2. d4 {[%clk
00:03:02]} {[%emt 00:00:02]} d5 {[%clk 00:03:03]} {[%emt 00:00:02]} 3. Nc3
{[%clk 00:03:03]} {[%emt 00:00:01]} Nf6 {[%clk 00:03:01]} {[%emt 00:00:05]} 4.
e5 {[%clk 00:03:03]} {[%emt 00:00:01]} Nfd7 {[%clk 00:03:01]} {[%emt 00:00:01]}
5. f4 {[%clk 00:03:04]} Be7 {[%clk 00:03:02]} {[%emt 00:00:01]} 6. Nf3 {[%clk
00:03:05]} O-O {[%clk 00:03:03]} {[%emt 00:00:01]} 7. Be3 {[%clk 00:03:06]}
{[%emt 00:00:01]} c5 {[%clk 00:03:04]} 8. Qd2 {[%clk 00:03:05]} {[%emt
00:00:02]} cxd4 {[%clk 00:03:02]} {[%emt 00:00:05]} 9. Nxd4 {[%clk 00:03:06]}
{[%emt 00:00:01]} Nc5 {[%clk 00:02:57]} {[%emt 00:00:07]} 10. Bd3 {[%clk
00:03:07]} {[%emt 00:00:01]} Nxd3+ {[%clk 00:02:57]} {[%emt 00:00:03]} 11. cxd3
{[%clk 00:03:07]} {[%emt 00:00:02]} Nc6 {[%clk 00:02:45]} {[%emt 00:00:15]} 12.
O-O {[%clk 00:03:06]} {[%emt 00:00:02]} Nxd4 {[%clk 00:02:37]} {[%emt
00:00:10]} 13. Bxd4 {[%clk 00:03:07]} b6 {[%clk 00:02:36]} {[%emt 00:00:04]} 14.
Rae1 {[%clk 00:02:48]} {[%emt 00:00:20]} Qc7 {[%clk 00:02:36]} {[%emt
00:00:03]} 15. Rc1 {[%clk 00:02:47]} {[%emt 00:00:02]} Bc5 {[%clk 00:02:20]}
{[%emt 00:00:18]} 16. Kh1 {[%clk 00:02:48]} {[%emt 00:00:02]} Bxd4 {[%clk
00:02:13]} {[%emt 00:00:10]} 17. Nb5 {[%clk 00:02:49]} Qd7 {[%clk 00:02:05]}
{[%emt 00:00:10]} 18. Nxd4 {[%clk 00:02:50]} {[%emt 00:00:01]} Ba6 {[%clk
00:01:57]} {[%emt 00:00:10]} 19. Rc3 {[%clk 00:02:46]} {[%emt 00:00:05]} Rfc8
{[%clk 00:01:58]} {[%emt 00:00:02]} 20. Rfc1 {[%clk 00:02:47]} Rxc3 {[%clk
00:01:53]} {[%emt 00:00:07]} 21. Rxc3 {[%clk 00:02:48]} h6 {[%clk 00:01:54]}
{[%emt 00:00:01]} 22. Qc2 {[%clk 00:02:48]} {[%emt 00:00:02]} Rc8 {[%clk
00:01:52]} {[%emt 00:00:05]} 23. Rxc8+ {[%clk 00:02:47]} {[%emt 00:00:02]} Qxc8
{[%clk 00:01:53]} {[%emt 00:00:02]} 24. Qxc8+ {[%clk 00:02:45]} {[%emt
00:00:04]} Bxc8 {[%clk 00:01:54]} {[%emt 00:00:01]} 25. b4 {[%clk 00:02:45]}
{[%emt 00:00:02]} Ba6 {[%clk 00:01:27]} {[%emt 00:00:29]} 26. b5 {[%clk
00:02:46]} Bb7 {[%clk 00:01:23]} {[%emt 00:00:07]} 27. Kg1 {[%clk 00:02:46]}
{[%emt 00:00:02]} a6 {[%clk 00:01:24]} 28. a4 {[%clk 00:02:47]} axb5 {[%clk
00:01:16]} {[%emt 00:00:10]} 29. axb5 {[%clk 00:02:47]} {[%emt 00:00:01]} g5
{[%clk 00:01:09]} {[%emt 00:00:09]} 30. g3 {[%clk 00:02:47]} {[%emt 00:00:02]}
Kg7 {[%clk 00:01:09]} {[%emt 00:00:02]} 31. Kf2 {[%clk 00:02:48]} {[%emt
00:00:01]} Kg6 {[%clk 00:01:11]} 32. Ke3 {[%clk 00:02:48]} {[%emt 00:00:03]} h5
{[%clk 00:01:02]} {[%emt 00:00:11]} 33. h4 {[%clk 00:02:46]} {[%emt 00:00:04]}
gxh4 {[%clk 00:00:56]} {[%emt 00:00:09]} 34. gxh4 {[%clk 00:02:46]} {[%emt
00:00:01]} Bc8 {[%clk 00:00:57]} 35. Nc6 {[%clk 00:02:36]} {[%emt 00:00:12]}
Bd7 {[%clk 00:00:49]} {[%emt 00:00:10]} 36. Ne7+ {[%clk 00:02:24]} {[%emt
00:00:13]} Kg7 {[%clk 00:00:49]} {[%emt 00:00:01]} 37. Nc6 {[%clk 00:02:24]}
{[%emt 00:00:04]} f6 {[%clk 00:00:45]} {[%emt 00:00:06]} 38. Kd4 {[%clk
00:02:06]} {[%emt 00:00:20]} Kg6 {[%clk 00:00:36]} {[%emt 00:00:11]} 39. Ne7+
{[%clk 00:01:32]} {[%emt 00:00:36]} Kf7 {[%clk 00:00:38]} 40. Nc6 {[%clk
00:01:33]} {[%emt 00:00:02]} Kg6 {[%clk 00:00:32]} {[%emt 00:00:08]} 41. Ke3
{[%clk 00:01:21]} {[%emt 00:00:13]} Kf7 {[%clk 00:00:28]} {[%emt 00:00:07]} 42.
d4 {[%clk 00:01:19]} {[%emt 00:00:04]} f5 {[%clk 00:00:19]} {[%emt 00:00:11]}
43. Nd8+ {[%clk 00:01:07]} {[%emt 00:00:14]} Ke7 {[%clk 00:00:19]} {[%emt
00:00:02]} 44. Nb7 {[%clk 00:01:08]} {[%emt 00:00:02]} Bxb5 {[%clk 00:00:17]}
{[%emt 00:00:04]} 45. Nd6 {[%clk 00:01:09]} Ba4 {[%clk 00:00:17]} {[%emt
00:00:03]} 46. Nc8+ {[%clk 00:01:09]} Kd7 {[%clk 00:00:18]} {[%emt 00:00:01]}
47. Nxb6+ {[%clk 00:01:10]} Kc6 {[%clk 00:00:17]} {[%emt 00:00:02]} 48. Nxa4
{[%clk 00:01:11]} {[%emt 00:00:02]} Kd7 {[%clk 00:00:17]} {[%emt 00:00:03]} 49.
Kd3 {[%clk 00:01:11]} {[%emt 00:00:02]} Kc6 {[%clk 00:00:18]} {[%emt 00:00:01]}
50. Kc3 {[%clk 00:01:12]} Kd7 {[%clk 00:00:16]} {[%emt 00:00:04]} 51. Kb4
{[%clk 00:01:13]} Kc7 {[%clk 00:00:18]} 52. Kc5 {[%clk 00:01:14]} Kd7 {[%clk
00:00:19]} {[%emt 00:00:01]} 53. Kb6 {[%clk 00:01:15]} Ke7 {[%clk 00:00:19]}
{[%emt 00:00:02]} 54. Kc6 {[%clk 00:01:16]} Kf7 {[%clk 00:00:19]} {[%emt
00:00:03]} 55. Kd6 {[%clk 00:01:18]} {[%emt 00:00:01]} Kg7 {[%clk 00:00:19]}
{[%emt 00:00:02]} 56. Nc5 {[%clk 00:01:18]} {[%emt 00:00:01]} Kf7 {[%clk
00:00:20]} {[%emt 00:00:02]} 57. Nxe6 {[%clk 00:01:19]} {[%emt 00:00:01]} Ke8
{[%clk 00:00:21]} {[%emt 00:00:01]} 58. Ng7+ {[%clk 00:01:20]} {[%emt
00:00:01]} Kf7 {[%clk 00:00:22]} {[%emt 00:00:01]} 59. Nxf5 {[%clk 00:01:20]}
Ke8 {[%clk 00:00:23]} 60. Ng7+ {[%clk 00:01:21]} {[%emt 00:00:02]} Kf7 {[%clk
00:00:25]} 61. Nxh5 {[%clk 00:01:22]} Ke8 {[%clk 00:00:26]} 62. Kxd5 {[%clk
00:01:22]} {[%emt 00:00:02]} Ke7 {[%clk 00:00:28]} 63. f5 {[%clk 00:01:22]}
{[%emt 00:00:03]} Kf7 {[%clk 00:00:29]} 64. e6+ {[%clk 00:01:22]} {[%emt
00:00:02]} Ke8 {[%clk 00:00:30]} {[%emt 00:00:01]} 65. f6 {[%clk 00:01:23]} Kf8
{[%clk 00:00:31]} {[%emt 00:00:01]} 66. Ke5 {[%clk 00:01:24]} {[%emt 00:00:01]}
Kg8 {[%clk 00:00:30]} {[%emt 00:00:02]} 67. d5 {[%clk 00:01:25]} {[%emt
00:00:01]} Kf8 {[%clk 00:00:32]} 68. d6 {[%clk 00:01:26]} Ke8 {[%clk 00:00:32]}
{[%emt 00:00:02]} 69. Nf4 {[%clk 00:01:27]} {[%emt 00:00:01]} Kf8 {[%clk
00:00:30]} {[%emt 00:00:05]} 70. h5 {[%clk 00:01:27]} {[%emt 00:00:02]} Ke8
{[%clk 00:00:25]} {[%emt 00:00:07]} 71. h6 {[%clk 00:01:27]} {[%emt 00:00:02]}
Kf8 {[%clk 00:00:23]} {[%emt 00:00:03]} 72. h7 {[%clk 00:01:27]} {[%emt
00:00:02]} Ke8 {[%clk 00:00:25]} {[%emt 00:00:01]} 73. h8=Q# {[%clk 00:01:25]}
{[%emt 00:00:03]} 1-0

[Event "Druzheskij Blitz (3+2) turnir ¹3 na Iristonskoj 06.10.2019g."]
[Site "VLADIKAVKAZ"]
[Date "2019.10.06"]
[Round "8.3"]
[White "Basiev, Valeriy P."]
[Black "Basiev, Georgiy"]
[Result "1-0"]
[TimeControl "3' + 2\""]
[WhiteElo "2002"]
[BlackElo "1424"]

1. e4 {[%clk 00:03:02]} {[%emt 00:00:01]} c5 {[%clk 00:03:04]} 2. a3 {[%clk
00:03:02]} {[%emt 00:00:02]} Nf6 {[%clk 00:03:03]} {[%emt 00:00:03]} 3. e5
{[%clk 00:03:01]} {[%emt 00:00:04]} Nd5 {[%clk 00:02:53]} {[%emt 00:00:12]} 4.
c4 {[%clk 00:02:59]} {[%emt 00:00:04]} Nc7 {[%clk 00:02:31]} {[%emt 00:00:24]}
5. b4 {[%clk 00:02:56]} {[%emt 00:00:04]} cxb4 {[%clk 00:02:26]} {[%emt
00:00:07]} 6. axb4 {[%clk 00:02:57]} {[%emt 00:00:01]} d6 {[%clk 00:02:26]}
{[%emt 00:00:02]} 7. exd6 {[%clk 00:02:47]} {[%emt 00:00:13]} Qxd6 {[%clk
00:02:24]} {[%emt 00:00:03]} 8. Nc3 {[%clk 00:02:34]} {[%emt 00:00:15]} g6
{[%clk 00:02:15]} {[%emt 00:00:12]} 9. c5 {[%clk 00:02:32]} {[%emt 00:00:04]}
Qe5+ {[%clk 00:02:04]} {[%emt 00:00:13]} 10. Be2 {[%clk 00:02:33]} {[%emt
00:00:02]} Bg7 {[%clk 00:02:02]} {[%emt 00:00:04]} 11. Nf3 {[%clk 00:02:34]}
Qe6 {[%clk 00:01:46]} {[%emt 00:00:16]} 12. O-O {[%clk 00:02:34]} {[%emt
00:00:03]} O-O {[%clk 00:01:46]} {[%emt 00:00:02]} 13. Re1 {[%clk 00:02:19]}
{[%emt 00:00:17]} Qc6 {[%clk 00:01:38]} {[%emt 00:00:08]} 14. d4 {[%clk
00:02:06]} {[%emt 00:00:16]} e6 {[%clk 00:01:27]} {[%emt 00:00:13]} 15. b5
{[%clk 00:02:02]} {[%emt 00:00:07]} Qd7 {[%clk 00:01:24]} {[%emt 00:00:04]} 16.
b6 {[%clk 00:01:37]} {[%emt 00:00:29]} Nd5 {[%clk 00:01:20]} {[%emt 00:00:06]}
17. Nxd5 {[%clk 00:01:32]} {[%emt 00:00:06]} exd5 {[%clk 00:01:19]} {[%emt
00:00:03]} 18. Rxa7 {[%clk 00:01:27]} {[%emt 00:00:07]} Nc6 {[%clk 00:00:56]}
{[%emt 00:00:24]} 19. Rxa8 {[%clk 00:01:27]} {[%emt 00:00:03]} Re8 {[%clk
00:00:48]} {[%emt 00:00:09]} 20. Bb5 {[%clk 00:01:25]} {[%emt 00:00:04]} Rxe1+
{[%clk 00:00:45]} {[%emt 00:00:05]} 21. Qxe1 {[%clk 00:01:24]} {[%emt
00:00:04]} Qf5 {[%clk 00:00:38]} {[%emt 00:00:09]} 22. Bxc6 {[%clk 00:01:14]}
{[%emt 00:00:12]} bxc6 {[%clk 00:00:38]} {[%emt 00:00:02]} 23. b7 {[%clk
00:01:13]} {[%emt 00:00:04]} Bf8 {[%clk 00:00:17]} {[%emt 00:00:22]} 24. bxc8=Q
{[%clk 00:01:08]} {[%emt 00:00:07]} 1-0

[Event "Druzheskij Blitz (3+2) turnir ¹3 na Iristonskoj 06.10.2019g."]
[Site "VLADIKAVKAZ"]
[Date "2019.10.06"]
[Round "8.4"]
[White "Hortiev, Alan"]
[Black "Koraev, Kazbek"]
[Result "0-1"]
[TimeControl "3' + 2\""]
[WhiteElo "1638"]
[BlackElo "1755"]

1. e4 {[%clk 00:03:03]} c5 {[%clk 00:03:03]} {[%emt 00:00:01]} 2. Nf3 {[%clk
00:03:04]} {[%emt 00:00:01]} d6 {[%clk 00:03:04]} 3. Bc4 {[%clk 00:03:03]}
{[%emt 00:00:03]} e6 {[%clk 00:03:02]} {[%emt 00:00:04]} 4. d4 {[%clk
00:03:04]} {[%emt 00:00:01]} cxd4 {[%clk 00:03:02]} {[%emt 00:00:02]} 5. Nxd4
{[%clk 00:03:05]} {[%emt 00:00:01]} Nf6 {[%clk 00:03:03]} {[%emt 00:00:01]} 6.
Nc3 {[%clk 00:03:06]} {[%emt 00:00:01]} a6 {[%clk 00:03:03]} {[%emt 00:00:02]}
7. O-O {[%clk 00:03:06]} {[%emt 00:00:02]} Be7 {[%clk 00:03:03]} {[%emt
00:00:02]} 8. h3 {[%clk 00:02:58]} {[%emt 00:00:10]} O-O {[%clk 00:02:58]}
{[%emt 00:00:07]} 9. Be3 {[%clk 00:02:59]} Qc7 {[%clk 00:02:58]} {[%emt
00:00:03]} 10. Bd3 {[%clk 00:02:49]} {[%emt 00:00:12]} b5 {[%clk 00:02:53]}
{[%emt 00:00:07]} 11. a3 {[%clk 00:02:42]} {[%emt 00:00:09]} Nc6 {[%clk
00:02:50]} {[%emt 00:00:05]} 12. Nde2 {[%clk 00:02:32]} {[%emt 00:00:12]} Bb7
{[%clk 00:02:44]} {[%emt 00:00:08]} 13. Qd2 {[%clk 00:02:27]} {[%emt 00:00:07]}
Rad8 {[%clk 00:02:31]} {[%emt 00:00:15]} 14. f4 {[%clk 00:02:27]} {[%emt
00:00:02]} d5 {[%clk 00:02:22]} {[%emt 00:00:11]} 15. exd5 {[%clk 00:02:12]}
{[%emt 00:00:17]} exd5 {[%clk 00:02:21]} {[%emt 00:00:03]} 16. Bd4 {[%clk
00:02:05]} {[%emt 00:00:09]} Nxd4 {[%clk 00:02:19]} {[%emt 00:00:04]} 17. Nxd4
{[%clk 00:02:05]} {[%emt 00:00:02]} Bc5 {[%clk 00:02:18]} {[%emt 00:00:03]} 18.
Be2 {[%clk 00:01:42]} {[%emt 00:00:26]} Ne4 {[%clk 00:02:11]} {[%emt 00:00:09]}
19. Nxe4 {[%clk 00:01:35]} {[%emt 00:00:08]} dxe4 {[%clk 00:02:11]} {[%emt
00:00:02]} 20. c3 {[%clk 00:01:37]} Qb6 {[%clk 00:01:53]} {[%emt 00:00:21]} 21.
Kh1 {[%clk 00:01:37]} {[%emt 00:00:02]} Bxd4 {[%clk 00:01:49]} {[%emt
00:00:06]} 22. cxd4 {[%clk 00:01:38]} Qxd4 {[%clk 00:01:49]} {[%emt 00:00:03]}
23. Qa5 {[%clk 00:01:24]} {[%emt 00:00:16]} Qxb2 {[%clk 00:01:37]} {[%emt
00:00:14]} 24. Rad1 {[%clk 00:01:20]} {[%emt 00:00:07]} Rxd1 {[%clk 00:01:30]}
{[%emt 00:00:10]} 25. Rxd1 {[%clk 00:01:19]} Qxe2 {[%clk 00:01:29]} {[%emt
00:00:04]} 26. Rd7 {[%clk 00:01:09]} {[%emt 00:00:12]} Qf1+ {[%clk 00:01:19]}
{[%emt 00:00:11]} 27. Kh2 {[%clk 00:01:11]} Qxf4+ {[%clk 00:01:20]} {[%emt
00:00:03]} 28. Kh1 {[%clk 00:01:11]} {[%emt 00:00:02]} Qb8 {[%clk 00:00:50]}
{[%emt 00:00:31]} 29. Qb6 {[%clk 00:00:50]} {[%emt 00:00:23]} Ba8 {[%clk
00:00:43]} {[%emt 00:00:08]} 30. Qxa6 {[%clk 00:00:49]} {[%emt 00:00:04]} e3
{[%clk 00:00:39]} {[%emt 00:00:05]} 31. Re7 {[%clk 00:00:42]} {[%emt 00:00:08]}
Qg3 {[%clk 00:00:28]} {[%emt 00:00:13]} 32. Qa5 {[%clk 00:00:29]} {[%emt
00:00:16]} Qxg2# {[%clk 00:00:00]} {[%emt 00:00:07]} 0-1